00225nam a2200073Ia 4500008004100000082000800041100002000049245008200069240331s9999 xx 000 0 und d bTHI aThiruchandra, S 0aPenkalin vaimoli illakiyam :bthaaladdu, oppari pattiya oru samugaviyal nokku